¿Pobreza vs. ambiente? /

Guardado en:
Bibliografiske detaljer
Hovedforfatter: Ré, Gustavo
Format: Texto
Fag:
Tags: Tilføj Tag
Ingen Tags, Vær først til at tagge denne postø!

MARC

LEADER 00000 a a2200000 04500
001 4878
003
040
100 |a Ré, Gustavo  
245 |a ¿Pobreza vs. ambiente? /  |c Gustavo Ré 
650 |a LUCHA CONTRA LAS DROGAS  
650 |a JUVENTUD  
650 |a SOCIEDAD  
650 |a MEDIOS DE COMUNICACION  
650 |a ARGENTINA  
773 |g volumen 6, número 30; páginas 15-17  
999 |c 32415  |d 32415